000 00364nam a2200145Ia 4500
008 210210b1977 xxu||||| |||| 00| 0 eng d
020 _a0 697 07547 8
082 _a301 BROA
100 _aBROWN COMPANY PUBLISHERS.
245 _aApproaches to paleoecology.
260 _aUSA
_bWMC Brown Co.
_c1977
300 _avii,56
690 _aSociology
906 _aSG02267
999 _c113479
_d113479